000 01036cam a22003134a 4500
008 061215s2006 sp b 000 0 spa
010 _a 2007417284
020 _a386527286X (Vervuert)
020 _a8484892638 (Iberoamericana)
040 _aDLC
_cDLC
_dDCL
050 0 0 _aP47
_b.H57 2006
092 0 4 _a801.959
_bH67327
_221
099 _a04
_a801.959 H67327
245 0 0 _aHistoria de la lengua y critica textual /
_cLola Pons Rodriguez (ed.).
260 _aMadrid :
_bIberoamericana ;
_aFrankfurt am Main :
_bVervuert,
_c2006.
300 _a334 p. ;
_c23 cm.
490 0 _aLingèuâistica iberoamericana ;
_vvol. 29
504 _aIncludes bibliographical references.
650 0 _aCriticism, Textual
_xHistory.
650 0 _aLinguistics
_xHistory.
653 _aCritica textual
_aHistoria
653 _aLingèuâistica
_aHistoria
700 1 _aPons Rodriguez, Lola.
902 _a2
905 _aJamal
_eRev.
905 _aJihan
_eCat.
942 _2ddc
_cBK
999 _c130181
_d130181